• 首页
  • 本馆介绍
  • 公告通知
  • 最新文献
  • 馆藏检索
  • 电子资源
  • 读者导购
  • 参考咨询
  • 我的图书馆
  • 登录
  • 详细信息显示
  • 放入我的书架
  • 预约/预借图书
  • 作者相关作品
  • 分类相关作品
  • 丛书相关作品
  • 出版社相关作品

书目信息

  • 表格格式
  • 工作单格式
  • 卡片格式
题名:
中国学术通史
    
 
作者: 张立文 主编 ;周桂田 , 李祥俊 著
分册:   秦汉卷
出版信息: 北京   人民出版社  2004
页数: 429页
开本: 20cm
丛书名:
单 册:
中图分类: B2
科图分类:
主题词: 学术思想--思想史--中国--秦汉时代
电子资源:
ISBN: 7-01-004609-3
000 00827nam0 2200253 450
001 TS2006023653
005 20070117105839.68
010    @a7-01-004609-3@b精装@dCNY60.00
100    @a20060829d2004 ekmy0chiy0120 ea
101 0  @achi
102    @aCN@b110000
105    @ay z 000yy
200 1  @a中国学术通史@AZhong Guo Xue Shu Tong Shi@i秦汉卷@IQin Han Juan@f张立文主编@FZhang Li Wen Zhu Bian@g周桂田, 李祥俊著
210    @a北京@c人民出版社@d2004
215    @a429页@d20cm
320    @a有书目:424-429页
330    @a本书比较系统地叙述了秦汉时期学术发展的历程及其特点。
606    @a学术思想@x思想史@y中国@z秦汉时代
690    @aB2@v4
701  0 @a张立文@AZhang Li Wen@4主编
702  0 @a周桂田@AZhou Gui Tian@4著
702  0 @a李祥俊@ALi Xiang Jun@4著
801  0 @aCN@b中图数据@c20070117
905    @a10447@dB2@e113:2
    
    中国学术通史.秦汉卷/张立文主编/周桂田, 李祥俊著.-北京:人民出版社,2004
    429页;20cm
    
    
    ISBN 7-01-004609-3(精装):CNY60.00
    本书比较系统地叙述了秦汉时期学术发展的历程及其特点。
●
相关链接 在E读中查询图书 在五车中查询图书 在当当中查询图书 在豆瓣中查询图书


正题名:中国学术通史     索取号:B2/113:2         预约/预借

序号 登录号 条形码 馆藏地/架位号 状态 备注
1 0602537   206025371   第一样本阅览室/ [索取号:B2/113:2] 在馆    
2 0602538   206025380   教育系资料室/ [索取号:B2/113:2] 在馆    
3 0602539   206025399   第一借阅区/ [索取号:B2/113:2] 在馆    
唐山师范学院图书馆 欢迎您!
大连网信软件有限公司© 版权所有